1859 1361 1959 1262 1093 1457 1635 1323 1542 1249 1017 1770 1304 1679 1356 1236 1785 1712 1733 1377 1633 1711 1955 1582 1962 1782 1082 1961 1093 1000 1532 1664 1836 1059 1350 1395 1270 1250 1139 1721 1663 1080 1055 1131 1681 1599 1369 1529 1638 1773 1025 1971 1274 1521 1053 1515 1746 1463 1636 1951 1727 1529 1812 1300 1647 1438 1241 1969 1630 1929 1732 1401 1038 1278 1458 1991 1778 1280 1578 1039 1654 1898 1886 1411 1356 1199 1783 1565 1464 1495 1071 1105 1006 1438 1967 1810 1954 1515 1574 BCNSPRNW ULIB Ver.6.0+V

เปลี่ยนเป็นภาษาไทย

Change to English
 แสดงรายละเอียดบรรณานุกรม
  กลับหน้าหลัก

Brief Record : Get Marc (ISO 2709) : E-mail record : QR code < ปิดหน้าต่าง
LEADER : 00000nam 2200000uu 4500
001    13399110941
003     ULIB
008    110613s||||||||th 000 0 tha d
020    9749183320
050  4 AC158^bจ829ด 2004
100    แจ๊กกี้ ก๊าฟฟ์
245    เด็กๆรู้ไหมทำไมปลามีขา/ ^cผู้แต่ง แจ๊กกี้ ก๊าฟฟ์
260    กรุงเทพฯ : ^bโกรเลียร์ อินเตอร์เนชั่นแนล, ^c2004
300    32 หน้า : ^bภาพประกอบสี ; ^c28 ซม.
650  7 ความรู้รอบตัว
650  7 ปลา
945    ^p350^l0^i029031
995    ทศพร
999 ^a ใช้งานได้ทุกระบบ
รายการนี้ยังไม่มีแท็ก
คุณยังไม่ได้ล็อกอิน คุณสามารถมีกิจกรรมร่วมกับเว็บไซต์ได้ แต่ต้องล็อกอินก่อน ::
  ล็อกอิน

รายการสื่อสารสนเทศ

ลำดับที่ ประเภท เลขเรียก/บาร์โค้ด สถานที่ สถานะ
- ไม่พบข้อมูล -

รายการใกล้เคียง
    ผู้แต่ง [แจ๊กกี้ ก๊าฟฟ์]

    หัวเรื่อง [ความรู้รอบตัว]
    หัวเรื่อง [ปลา]

BibComment


ยังไม่เคยถูกคอมเมนท์

คอมเมนท์ทรัพยากรรายการนี้
  คอมเมนท์: เด็กๆรู้ไหมทำไมปล..


 Copyright 2026. Bcnsprnw @Library